|
|
|
|
| LEADER |
00000nam a2200000Ii 4500 |
| 001 |
DIGUCAUCA0074 |
| 003 |
NyNyDIG |
| 007 |
cr ||||||||||| |
| 008 |
210830s2014 ck ob 001 0dspa d |
| 006 |
m o d |
| 035 |
|
|
|a (OCoLC)1253290695
|
| 040 |
|
|
|a DGITA
|b eng
|e rda
|e pn
|c DGITA
|
| 020 |
|
|
|z 9789587321340
|
| 041 |
1 |
|
|a spa
|h eng
|
| 050 |
1 |
4 |
|a HD75 ebook
|
| 082 |
1 |
4 |
|a 338.9
|
| 100 |
1 |
|
|a Escobar, Arturo,
|d 1951-
|e author.
|
| 240 |
1 |
0 |
|a Encountering development.
|l Spanish
|s (Ochoa)
|
| 245 |
1 |
3 |
|a La invención del desarrollo /
|c Arturo Escobar ; [traducción Diana Ochoa].
|
| 264 |
|
1 |
|a Popayán, Colombia :
|b Editorial Universidad del Cauca,
|c [2014]
|
| 300 |
|
|
|a 1 online resource.
|
| 336 |
|
|
|a text
|b txt
|2 rdacontent
|
| 337 |
|
|
|a computer
|b c
|2 rdamedia
|
| 338 |
|
|
|a online resource
|b cr
|2 rdacarrier
|
| 347 |
|
|
|a text file
|2 rdaft
|
| 347 |
|
|
|b PDF
|
| 504 |
|
|
|a Includes bibliographical references and index.
|
| 588 |
0 |
|
|a Online resource; title from PDF title page (Digitalia, viewed August 30, 2021)
|
| 650 |
|
0 |
|a Economic development.
|
| 650 |
|
0 |
|a Economic history
|y 1945-
|
| 651 |
|
0 |
|a Developing countries
|x Economic conditions.
|
| 651 |
|
0 |
|a Developing countries
|x Social conditions.
|
| 655 |
|
0 |
|a Electronic books.
|
| 700 |
1 |
|
|a Ochoa, Diana
|c (Translator),
|e translator.
|
| 700 |
1 |
|
|i Translation of:
|a Escobar, Arturo,
|d 1951-
|t Encountering development.
|
| 791 |
2 |
|
|a Digitalia (Firm),
|e distributor.
|
| 793 |
0 |
|
|g Digitalia eBook Collection:
|a Editorial Universidad del Cauca
|
| 776 |
0 |
8 |
|i Print version:
|a Escobar, Arturo, 1951-
|s Encountering development. Spanish (Ochoa).
|t Invención del desarrollo.
|b Tercera edición, primera reimpresión 2017.
|d Popayán, Colombia : Editorial Universidad del Cauca, [2017]
|z 9789587321340
|
| 856 |
4 |
0 |
|3 Digitalia Hispánica
|u https://www.digitaliapublishing.com/a/82808/
|
| 910 |
|
|
|a Premium collection: 2021
|